000 00297nam a2200121Ia 4500
008 190216s9999||||xx |||||||||||||| ||und||
100 _aKaikulangra Rama Varier
245 0 _aAmarakosa
260 _bThe Mangalodayam (pvt) Ltd
_c1978
300 _a106p
650 _aMalayalam Kavitha
942 _cBK
999 _c25038
_d25038